000 00454nam a22001697a 4500
003 OSt
008 260417b |||||||| |||| 00| 0 eng d
082 _a581.2326
_bN37S
100 _aKumar, Neeraj
245 _aStudies on Top Rot Disease of Sugarcane Caused by Fusarium Moniliforme Sheldon
260 _aPusa, Samastipur
_bRAU, Pusa
_c2002
300 _a42P.
502 _bMsc.
_d2002
650 _aPlant Pathology
650 _aMsc.
942 _2ddc
_cT
999 _c50083
_d50083